[Event "USCL Semifinals"]
[Site "Internet Chess Club"]
[Date "2014.11.19"]
[Round "?"]
[White "Brodsky, David"]
[Black "Ramachandran, Karthik"]
[Result "0-1"]
[WhiteElo "2249"]
[BlackElo "2257"]
[PlyCount "54"]
[EventDate "2014.??.??"]

1. e4 d6 2. d4 Nf6 3. Nc3 Nbd7 4. f4 e5 5. Nf3 exd4 6. Qxd4 c6 7. Be3 d5 8.
exd5 Bc5 9. Qd3 Qe7 10. Nd4 Nb6 11. dxc6 bxc6 12. O-O-O Ba6 13. Qxa6 Qxe3+ 14.
Kb1 Bxd4 15. Bb5 O-O 16. Bxc6 Rab8 17. Rhe1 Qxf4 18. Ne2 Qd6 19. Nxd4 Rfd8 20.
Bf3 Nfd5 21. Bxd5 Qxd5 22. Qe2 Rdc8 23. Qe4 Qc5 24. Nf5 Nc4 25. Ne7+ Kf8 26.
Nxc8 Rxb2+ 27. Kc1 Rb1+ 0-1

[Event "USCL Semifinals"]
[Site "Internet Chess Club"]
[Date "2014.11.19"]
[Round "?"]
[White "So, Wesley"]
[Black "Becerra, Julio"]
[Result "1-0"]
[WhiteElo "2751"]
[BlackElo "2626"]
[PlyCount "95"]
[EventDate "2014.??.??"]

1. d4 Nf6 2. c4 g6 3. Nc3 Bg7 4. e4 d6 5. Nge2 O-O 6. f3 c5 7. d5 e6 8. Ng3
exd5 9. cxd5 a6 10. a4 Nbd7 11. Be2 h5 12. Bg5 Qe8 13. Qd2 Nh7 14. Bh6 Bxh6 15.
Qxh6 Qe5 16. Nf1 Rb8 17. Nd2 Qf6 18. O-O Re8 19. Kh1 Ne5 20. f4 Ng4 21. Bxg4
hxg4 22. Nc4 b5 23. axb5 axb5 24. e5 dxe5 25. fxe5 Qg5 26. Qxg5 Nxg5 27. Nxb5
Rxb5 28. Nd6 Bd7 29. e6 Rbb8 30. exf7+ Nxf7 31. Rxf7 Bf5 32. Rxf5 gxf5 33. Nxe8
Rxe8 34. Rd1 Kf7 35. d6 Rd8 36. d7 Ke7 37. h3 Rxd7 38. Rxd7+ Kxd7 39. Kh2 Ke6
40. Kg3 gxh3 41. gxh3 Kd5 42. Kf4 Kc4 43. h4 Kb3 44. h5 Kxb2 45. h6 c4 46. h7
c3 47. h8=Q Kb3 48. Kxf5 1-0

[Event "USCL Semifinals"]
[Site "Internet Chess Club"]
[Date "2014.11.19"]
[Round "?"]
[White "Larson, Matthew"]
[Black "Gonzalez, Federico"]
[Result "0-1"]
[WhiteElo "2251"]
[BlackElo "2315"]
[PlyCount "66"]
[EventDate "2014.??.??"]

1. d4 e6 2. c4 Nf6 3. g3 c5 4. d5 exd5 5. cxd5 d6 6. Bg2 g6 7. Nf3 Bg7 8. O-O
O-O 9. Nc3 Na6 10. h3 Nc7 11. a4 a6 12. Nd2 Rb8 13. a5 Bd7 14. Re1 Nb5 15. Nxb5
axb5 16. Nb3 Ra8 17. Bf4 c4 18. Nd4 Rxa5 19. Rxa5 Qxa5 20. Bxd6 Re8 21. b4 Qa6
22. Bf4 Ne4 23. e3 Qa3 24. Nc2 Qb3 25. f3 Nc3 26. Qd2 Ra8 27. e4 Ra2 28. Rc1
Rb2 29. Bg5 h6 30. Be7 Na2 31. Na1 Rxd2 32. Nxb3 cxb3 33. Rb1 b2 0-1

[Event "USCL Semifinals"]
[Site "Internet Chess Club"]
[Date "2014.11.19"]
[Round "?"]
[White "Gonzalez, Renier"]
[Black "Liem, Le Quang"]
[Result "0-1"]
[WhiteElo "2510"]
[BlackElo "2778"]
[PlyCount "80"]
[EventDate "2014.??.??"]

1. b3 d5 2. Bb2 Nf6 3. Nf3 Bg4 4. Ne5 Bh5 5. g3 Nbd7 6. Bg2 Nxe5 7. Bxe5 c6 8.
O-O Nd7 9. Bb2 e5 10. d3 Bd6 11. Nd2 O-O 12. Bf3 Bxf3 13. Nxf3 f5 14. e4 Qf6
15. Nh4 g6 16. exf5 g5 17. Ng2 Qxf5 18. Ne3 Qh3 19. Qg4 Qxg4 20. Nxg4 h5 21.
Ne3 Rae8 22. f3 Kh7 23. Kg2 Bc5 24. Rae1 Kg6 25. Re2 Rf7 26. c4 Nf6 27. Nc2 Bd6
28. Rfe1 Rfe7 29. Bc3 d4 30. Bd2 g4 31. fxg4 hxg4 32. Rf2 e4 33. Nxd4 e3 34.
Rxf6+ Kxf6 35. Bc3 Kg6 36. Nc2 e2 37. d4 Rf7 38. Bd2 Rf3 39. Bb4 Bxb4 40. Nxb4
Rc3 0-1

[Event "USCL Semifinals"]
[Site "Internet Chess Club"]
[Date "2014.11.19"]
[Round "?"]
[White "Guadalupe II, Francisco"]
[Black "Checa, Nicolas"]
[Result "0-1"]
[WhiteElo "2351"]
[BlackElo "2396"]
[PlyCount "64"]
[EventDate "2014.??.??"]

1. e4 e6 2. d4 d5 3. Nc3 Bb4 4. e5 Ne7 5. a3 Bxc3+ 6. bxc3 c5 7. Qg4 cxd4 8.
Qxg7 Rg8 9. Qxh7 Qc7 10. Ne2 Nbc6 11. f4 dxc3 12. Qd3 d4 13. g3 Bd7 14. Rb1
O-O-O 15. Rg1 Be8 16. Bg2 Kb8 17. Kf2 Rf8 18. Rd1 f6 19. exf6 Rxf6 20. Kg1 Bh5
21. a4 Nd5 22. Ba3 Ne3 23. Rdc1 Nxg2 24. Kxg2 Bg6 25. Qf3 Qh7 26. Kg1 Be4 27.
Qf2 Bxc2 28. Nxd4 Bxb1 29. Nxc6+ bxc6 30. Qc5 Rf7 31. Qxc6 Rb7 32. Rxc3 Rd1+
0-1

[Event "USCL Semifinals"]
[Site "Internet Chess Club"]
[Date "2014.11.19"]
[Round "?"]
[White "Andretta, Carlos Gaston"]
[Black "Finegold, Spencer"]
[Result "1-0"]
[WhiteElo "2228"]
[BlackElo "2187"]
[PlyCount "97"]
[EventDate "2014.??.??"]

1. Nf3 d5 2. c4 c6 3. g3 Nf6 4. Bg2 dxc4 5. Qc2 Qd5 6. Nc3 Qa5 7. O-O e5 8. Ne4
Be7 9. Nxf6+ Bxf6 10. Qxc4 Be6 11. Qc2 O-O 12. d3 h6 13. Bd2 Qc7 14. Bc3 Nd7
15. b4 Rfe8 16. Qb2 Bg4 17. h3 Bf5 18. e4 Bg6 19. a4 Rad8 20. Rfd1 a6 21. Nd2
Nb6 22. Nb3 Qe7 23. Bf3 Nd7 24. Na5 Nb6 25. h4 Bh7 26. h5 Kh8 27. b5 axb5 28.
axb5 c5 29. Qb3 Bg5 30. Bg4 f6 31. Bb2 Ra8 32. Qc2 Qc7 33. Nb3 c4 34. Na5 Bg8
35. d4 exd4 36. Bxd4 Bh7 37. Bxb6 Qxb6 38. Nxc4 Qc5 39. Rxa8 Rxa8 40. Be6 Re8
41. Rd5 Qb4 42. Nd6 Qe1+ 43. Kg2 Rxe6 44. Qc8+ Bg8 45. Nf7+ Kh7 46. Qxe6 Bxf7
47. Qf5+ Kh8 48. Rd8+ Bg8 49. Qe6 1-0

[Event "USCL Semifinals Tiebreak"]
[Site "Internet Chess Club"]
[Date "2014.11.19"]
[Round "?"]
[White "Finegold, Spencer"]
[Black "Andretta, Carlos Gaston"]
[Result "0-1"]
[WhiteElo "2187"]
[BlackElo "2228"]
[PlyCount "80"]
[EventDate "2014.??.??"]

1. e4 e6 2. d3 d5 3. Nd2 c5 4. Ngf3 Nc6 5. g3 Nf6 6. Bg2 Be7 7. O-O Qc7 8. Re1
O-O 9. c3 b5 10. exd5 exd5 11. d4 c4 12. Nf1 a5 13. Bf4 Bd6 14. Ne5 Bb7 15. Ne3
Ne7 16. Bg5 Ne4 17. Bxe4 dxe4 18. Bxe7 Bxe7 19. Nf5 f6 20. Qg4 Bd8 21. Nd7 g6
22. Nxf8 Kxf8 23. Ne3 f5 24. Qh3 h5 25. d5 Bg5 26. Rad1 Qd6 27. Qg2 Kg7 28. f4
Bd8 29. Qd2 Bb6 30. Kg2 h4 31. Rh1 Rh8 32. Qe2 a4 33. a3 Qc5 34. Rde1 Kf7 35.
g4 h3+ 36. Kg3 Bc7 37. d6 Qxd6 38. Rhf1 Qe7 39. g5 Qxg5+ 40. Ng4 Qh4# 0-1

[Event "USCL Semifinals Tiebreak"]
[Site "Internet Chess Club"]
[Date "2014.11.19"]
[Round "?"]
[White "Andretta, Carlos Gaston"]
[Black "Larson, Matthew"]
[Result "1-0"]
[WhiteElo "2228"]
[BlackElo "2251"]
[PlyCount "93"]
[EventDate "2014.??.??"]

1. Nf3 c5 2. c4 Nc6 3. g3 e5 4. Nc3 g6 5. Bg2 Bg7 6. O-O Nge7 7. a3 O-O 8. Rb1
a5 9. d3 d6 10. Bg5 f6 11. Be3 Be6 12. Ne1 Rb8 13. Nc2 Nd4 14. b4 axb4 15. axb4
Nef5 16. Bd2 b5 17. Nxd4 Nxd4 18. cxb5 Nxb5 19. bxc5 Nxc3 20. Bxc3 dxc5 21. Qa4
Qd6 22. Bd2 Kh8 23. Be3 Rfc8 24. Rxb8 Rxb8 25. Rc1 Rc8 26. h4 f5 27. h5 c4 28.
dxc4 f4 29. c5 Qe7 30. gxf4 Qh4 31. hxg6 hxg6 32. Qe4 Bf5 33. Qf3 Bg4 34. Qg3
Qxg3 35. fxg3 exf4 36. gxf4 Bxe2 37. Bb7 Re8 38. Kf2 Bg4 39. c6 Rf8 40. c7 g5
41. Rh1+ Bh6 42. Rxh6+ Kg7 43. Rd6 gxf4 44. Bd4+ Kf7 45. Rd8 Ke7 46. Bc5+ Ke6
47. c8=Q+ 1-0

[Event "USCL Semifinals Tiebreak"]
[Site "Internet Chess Club"]
[Date "2014.11.19"]
[Round "?"]
[White "Liem, Le Quang"]
[Black "Andretta, Carlos Gaston"]
[Result "1-0"]
[WhiteElo "2778"]
[BlackElo "2228"]
[PlyCount "91"]
[EventDate "2014.??.??"]

1. d4 d5 2. c4 e6 3. Nf3 Nf6 4. Nc3 Be7 5. Bf4 O-O 6. e3 c5 7. dxc5 Bxc5 8. Qc2
Nc6 9. a3 Qa5 10. Rd1 Be7 11. Be2 dxc4 12. Bxc4 e5 13. Bg3 Bg4 14. O-O Rad8 15.
Rxd8 Rxd8 16. Ng5 Bh5 17. Qb3 Rf8 18. Qxb7 Qc5 19. Qb5 Rd8 20. Rc1 h6 21. Nge4
Nxe4 22. Nxe4 Qb6 23. Qxb6 axb6 24. b4 Kf8 25. f3 f6 26. Be1 Be8 27. g4 h5 28.
h3 hxg4 29. hxg4 Na7 30. Be2 Nb5 31. a4 Nd6 32. Nxd6 Bxd6 33. a5 bxa5 34. bxa5
Ra8 35. a6 Bd7 36. e4 Bb8 37. Bf2 Ba7 38. Rc7 Bxf2+ 39. Kxf2 Ke8 40. Rb7 Kd8
41. a7 Kc8 42. Ba6 Bc6 43. Rxg7+ Kd8 44. Bc4 Bd7 45. Rg8+ Be8 46. Bb5 1-0

[Event "USCL Semifinals Tiebreak"]
[Site "Internet Chess Club"]
[Date "2014.11.19"]
[Round "?"]
[White "Gonzalez, Federico"]
[Black "Liem, Le Quang"]
[Result "0-1"]
[WhiteElo "2315"]
[BlackElo "2778"]
[PlyCount "76"]
[EventDate "2014.??.??"]

1. e4 c5 2. Nf3 d6 3. c3 Nf6 4. h3 Nbd7 5. Bd3 b6 6. O-O Bb7 7. Re1 Qc7 8. Bc2
Rc8 9. d3 g6 10. Nbd2 Bg7 11. Nf1 O-O 12. Bg5 e5 13. Qd2 d5 14. c4 dxe4 15.
dxe4 Rfd8 16. Qe2 h6 17. Bxf6 Nxf6 18. N3d2 Rd4 19. Ne3 Nxe4 20. Nxe4 Bxe4 21.
Bxe4 Rxe4 22. Qc2 Rd4 23. Nd5 Qd7 24. f4 b5 25. b3 exf4 26. Ne7+ Kh7 27. Nxc8
Rd2 28. Qe4 Bxa1 29. Rxa1 Qxc8 30. Qxf4 Qd7 31. cxb5 Rd4 32. Qf6 Rd6 33. Qf4
Re6 34. Rf1 f5 35. a4 Re4 36. Qf2 Qd5 37. Rc1 Rd4 38. Qc2 Rd2 0-1

[Event "USCL Semifinals Tiebreak"]
[Site "Internet Chess Club"]
[Date "2014.11.19"]
[Round "?"]
[White "Liem, Le Quang"]
[Black "Gonzalez, Renier"]
[Result "1/2-1/2"]
[WhiteElo "2778"]
[BlackElo "2510"]
[PlyCount "206"]
[EventDate "2014.??.??"]

1. d4 g6 2. c4 Bg7 3. Nc3 d6 4. e4 e5 5. d5 Nd7 6. Be3 a5 7. Qd2 h5 8. g3 Bh6
9. f4 Ngf6 10. Be2 Qe7 11. Bf3 Nc5 12. O-O-O Bg4 13. Bxc5 dxc5 14. h3 Bd7 15.
Kb1 h4 16. d6 cxd6 17. Qxd6 Qxd6 18. Rxd6 Be6 19. Nd5 Nxd5 20. cxd5 Bd7 21.
fxe5 Bg7 22. e6 fxe6 23. dxe6 Bc6 24. e5 Bxe5 25. Rxc6 bxc6 26. Bxc6+ Ke7 27.
Bxa8 Rxa8 28. gxh4 Rb8 29. b3 a4 30. Nf3 Bf6 31. Kc2 axb3+ 32. axb3 Kxe6 33.
Ng5+ Kd5 34. Rf1 Bd4 35. Rf7 Rh8 36. Nf3 Bf2 37. Rf6 Bxh4 38. Rxg6 Bf2 39. Rg2
Be3 40. Kd3 Bf4 41. Rg4 Bd6 42. Rh4 Rf8 43. Rh5+ Kc6 44. Nd2 Rg8 45. Ne4 Be7
46. Rh6+ Kd5 47. Nc3+ Ke5 48. Kc4 Rd8 49. Rh5+ Ke6 50. Nd5 Bd6 51. Rh6+ Ke5 52.
h4 Rg8 53. Rh5+ Ke6 54. Ne3 Rg1 55. Rh6+ Kd7 56. h5 Bf4 57. Rh7+ Kc6 58. Nf5
Rg4 59. Kd3 Be5 60. Rh6+ Kb5 61. Rg6 Rf4 62. Ne3 Rd4+ 63. Ke2 Rh4 64. Nc4 Bc7
65. h6 Kb4 66. Rg7 Kxb3 67. Nd2+ Kb4 68. Rxc7 Rxh6 69. Ne4 Re6 70. Kd3 Kb5 71.
Rxc5+ Kb6 72. Rh5 Rg6 73. Kd4 Rg1 74. Nc3 Rg4+ 75. Kd5 Rg6 76. Rh1 Rg5+ 77. Kd4
Rg4+ 78. Ne4 Kc6 79. Rh6+ Kc7 80. Kd5 Rg1 81. Rc6+ Kd8 82. Ra6 Kc7 83. Rc6+ Kd8
84. Ke6 Re1 85. Rc4 Re3 86. Kd6 Rd3+ 87. Ke5 Rd1 88. Nf6 Re1+ 89. Kd6 Rd1+ 90.
Nd5 Ke8 91. Rc7 Kf8 92. Ra7 Rd2 93. Ke6 Re2+ 94. Kf5 Rf2+ 95. Nf4 Rf1 96. Ke5
Ke8 97. Nd5 Re1+ 98. Kd6 Kf8 99. Nf4 Rd1+ 100. Ke6 Re1+ 101. Kf6 Ke8 102. Rb7
Rf1 103. Ke6 Re1+ 1/2-1/2

[Event "USCL Semifinals Tiebreak"]
[Site "Internet Chess Club"]
[Date "2014.11.19"]
[Round "?"]
[White "Becerra, Julio"]
[Black "So, Wesley"]
[Result "0-1"]
[WhiteElo "2626"]
[BlackElo "2751"]
[PlyCount "80"]
[EventDate "2014.??.??"]

1. e4 e5 2. Nf3 Nc6 3. Bb5 Nf6 4. d3 Bc5 5. Bxc6 dxc6 6. Be3 Bd6 7. h3 O-O 8.
O-O Re8 9. Nbd2 Nd7 10. d4 exd4 11. Bxd4 Nf8 12. Re1 c5 13. Bc3 b5 14. b3 Bb7
15. e5 Be7 16. Qe2 b4 17. Bb2 Ne6 18. Qe3 Qd5 19. Qe4 a5 20. Qg4 Red8 21. Ne4
Kh8 22. Ng3 Bf8 23. h4 a4 24. Rab1 Qc6 25. h5 Rd2 26. Qf5 Rd7 27. Rbd1 Rxd1 28.
Rxd1 Kg8 29. Qg4 axb3 30. axb3 Ra2 31. Rb1 Qa6 32. Kh2 Qc6 33. Nh4 Qd5 34. f4
Be7 35. Ngf5 Bxh4 36. Nxh4 Qe4 37. Nf5 Qxc2 38. Rd1 Qxg2+ 39. Qxg2 Bxg2 40.
Rd8+ Nxd8 0-1

[Event "USCL Championship"]
[Site "Internet Chess Club"]
[Date "2014.12.03"]
[Round "?"]
[White "So, Wesley"]
[Black "Holt, Conrad"]
[Result "1-0"]
[WhiteElo "2751"]
[BlackElo "2664"]
[PlyCount "81"]
[EventDate "2014.??.??"]

1. e4 e6 2. d4 d5 3. Nd2 Be7 4. e5 c5 5. c3 Nc6 6. Bd3 Bd7 7. Ne2 cxd4 8. cxd4
f6 9. Nf3 fxe5 10. Nxe5 Nf6 11. O-O O-O 12. Nf4 Rc8 13. Re1 Nxd4 14. Bd2 Bd6
15. Bc3 Bxe5 16. Rxe5 Nc6 17. Nxe6 Bxe6 18. Rxe6 d4 19. Bd2 Qd5 20. Qe2 Kh8 21.
b4 a6 22. a3 Qb3 23. Bg5 Rce8 24. Rxf6 gxf6 25. Bxf6+ Rxf6 26. Qxe8+ Kg7 27.
Qe4 Rg6 28. Qf3 Re6 29. Qg4+ Kh8 30. h4 Re7 31. Be4 d3 32. Qf3 Rd7 33. Rd1 Ne5
34. Qf6+ Rg7 35. Rc1 Nc6 36. Bxc6 bxc6 37. Rxc6 Qd1+ 38. Kh2 Qg4 39. g3 Kg8 40.
Qd8+ Kf7 41. Rf6# 1-0

[Event "USCL Championship"]
[Site "Internet Chess Club"]
[Date "2014.12.03"]
[Round "?"]
[White "Ramachandran, Karthik"]
[Black "Finegold, Spencer"]
[Result "1-0"]
[WhiteElo "2257"]
[BlackElo "2187"]
[PlyCount "81"]
[EventDate "2014.??.??"]

1. Nf3 d5 2. g3 c6 3. Bg2 Bg4 4. b3 Nd7 5. Bb2 e6 6. O-O Ngf6 7. c4 Be7 8. d3
O-O 9. Na3 h6 10. Nc2 Bf5 11. Qd2 a5 12. Rae1 Bh7 13. Ne5 a4 14. Nxd7 Qxd7 15.
Qc3 Rfc8 16. e4 b5 17. e5 Ne8 18. c5 axb3 19. axb3 Bd8 20. b4 Ra4 21. f4 Rca8
22. Bh3 h5 23. Nd4 g6 24. f5 gxf5 25. Nxf5 Bxf5 26. Bxf5 Ng7 27. Bh3 Bg5 28. d4
R8a7 29. Rf3 Qe8 30. Bf1 Kf8 31. h4 Bd8 32. Bd3 R4a6 33. Ref1 Kg8 34. Bc1 Ra2
35. Bb1 Re2 36. Qd3 Re4 37. Qd2 Rg4 38. Qh6 Bxh4 39. Kh2 Bd8 40. Qh7+ Kf8 41.
Bh6 1-0

[Event "USCL Championship"]
[Site "Internet Chess Club"]
[Date "2014.12.03"]
[Round "?"]
[White "Xiong, Jeffery"]
[Black "Akobian, Varuzhan"]
[Result "0-1"]
[WhiteElo "2542"]
[BlackElo "2758"]
[PlyCount "104"]
[EventDate "2014.??.??"]

1. e4 e5 2. Nf3 Nc6 3. Bb5 Nf6 4. O-O Nxe4 5. d4 Nd6 6. Bxc6 dxc6 7. dxe5 Nf5
8. Qxd8+ Kxd8 9. Rd1+ Ke8 10. Nc3 Be7 11. Bf4 Be6 12. h3 h6 13. b3 Rd8 14. Ne2
g5 15. Bh2 h5 16. Nfd4 Bc8 17. c3 g4 18. hxg4 hxg4 19. Bf4 a6 20. e6 Nd6 21.
exf7+ Kxf7 22. Nc2 Bf6 23. Ne3 Nb5 24. Rac1 Rxd1+ 25. Rxd1 Nxc3 26. Nxc3 Bxc3
27. Bxc7 Be6 28. Nc4 Bxc4 29. bxc4 Re8 30. Rd3 Bf6 31. a4 Re4 32. Rb3 Rxc4 33.
Rxb7 Ke6 34. a5 Bd4 35. Bg3 Ra4 36. Rc7 c5 37. Rc6+ Kd5 38. Rxa6 c4 39. Rd6+
Ke4 40. Kh2 c3 41. a6 c2 42. Rc6 Kd3 43. Bh4 g3+ 44. Kxg3 Rxa6 45. Rxa6 c1=Q
46. Kh2 Ke2 47. Re6+ Kf1 48. Bg3 Qc2 49. Rh6 Qe4 50. f3 Bg1+ 51. Kh3 Qf5+ 52.
Kh4 Kxg2 0-1

[Event "USCL Championship"]
[Site "Internet Chess Club"]
[Date "2014.12.03"]
[Round "?"]
[White "Larson, Matthew"]
[Black "Guadalupe II, Francisco"]
[Result "0-1"]
[WhiteElo "2251"]
[BlackElo "2351"]
[PlyCount "126"]
[EventDate "2014.??.??"]

1. d4 Nf6 2. c4 e6 3. g3 d5 4. Nf3 Bb4+ 5. Bd2 Be7 6. Bg2 O-O 7. O-O c6 8. Qc2
b6 9. Bf4 Bb7 10. Rd1 Nbd7 11. Nc3 Rc8 12. e4 dxc4 13. Qa4 b5 14. Qxa7 Qb6 15.
Qxb6 Nxb6 16. Ne5 b4 17. Ne2 c5 18. f3 cxd4 19. Nxd4 Na4 20. b3 Nb2 21. Re1
Rfd8 22. Be3 c3 23. Bf1 Nd7 24. Nc4 Nxc4 25. Bxc4 Ne5 26. Be2 Ra8 27. Kf2 Ba6
28. Red1 Bxe2 29. Kxe2 Rdc8 30. Nc2 Kf8 31. h3 Nc6 32. Bc1 Ke8 33. a4 Na5 34.
Rb1 Ra6 35. e5 Nc6 36. f4 Bc5 37. Be3 Ra5 38. Bxc5 Rxc5 39. h4 Rb8 40. Ke3 f6
41. exf6 gxf6 42. Rd6 Ke7 43. Rbd1 Rb7 44. R6d3 Na5 45. Rb1 h5 46. Kf2 Nc6 47.
Re1 e5 48. fxe5 fxe5 49. Red1 Na5 50. Rb1 Ke6 51. Ke2 Rb8 52. Ke3 Rc7 53. Ke2
Rg7 54. Kf2 Rg4 55. Ke2 Nb7 56. Kf2 Nc5 57. Re3 Rd8 58. Re2 Ne4+ 59. Kg2 Rd3
60. Kh2 Nxg3 61. Rf2 Rxh4+ 62. Kg2 Ne4 63. Rf8 Rg3+ 0-1

[Event "USCL Championship Tiebreak"]
[Site "Internet Chess Club"]
[Date "2014.12.04"]
[Round "?"]
[White "Finegold, Spencer"]
[Black "Ramachandran, Karthik"]
[Result "1-0"]
[WhiteElo "2187"]
[BlackElo "2257"]
[PlyCount "111"]
[EventDate "2014.??.??"]

1. e4 d6 2. d4 Nf6 3. Nc3 e5 4. Nge2 Be7 5. g3 O-O 6. Bg2 c6 7. a4 a5 8. h3 Qc7
9. O-O Nbd7 10. Be3 Re8 11. Qd2 Bf8 12. d5 Nb6 13. b3 Bd7 14. Rfd1 c5 15. g4 g6
16. Ng3 Bg7 17. Rf1 Qc8 18. f4 Bxg4 19. hxg4 Nxg4 20. f5 Qd8 21. Bg5 f6 22. Be3
g5 23. Bf3 Nxe3 24. Qxe3 Re7 25. Nb5 Rc8 26. c4 Bf8 27. Kf2 Rf7 28. Ke2 Nd7 29.
Rh1 Nb8 30. Rh5 Rg7 31. Bg4 Na6 32. Rah1 Qd7 33. Kd2 Nc7 34. Nxc7 Qxc7 35. Rh6
Be7 36. Kc2 b5 37. axb5 a4 38. bxa4 Qa5 39. Qb3 Ra8 40. Ra1 Bd8 41. Kd3 Qc7 42.
Qc3 Qe7 43. a5 Qf8 44. Rhh1 Rga7 45. b6 Ra6 46. Rhb1 Qh6 47. Rh1 Qf8 48. Rhb1
Qh6 49. Nh5 Qf8 50. Rb5 Qf7 51. b7 Rb8 52. Qb3 Qd7 53. Rb6 Bxb6 54. Nxf6+ Kg7
55. Nxd7 Rxb7 56. Nxb6 1-0

[Event "USCL Championship Tiebreak"]
[Site "Internet Chess Club"]
[Date "2014.12.04"]
[Round "?"]
[White "Guadalupe II, Francisco"]
[Black "Finegold, Spencer"]
[Result "1/2-1/2"]
[WhiteElo "2351"]
[BlackElo "2187"]
[PlyCount "90"]
[EventDate "2014.??.??"]

1. e4 e5 2. Nf3 Nc6 3. Bb5 Nf6 4. d3 Bc5 5. c3 O-O 6. O-O Re8 7. Nbd2 a6 8. Ba4
b5 9. Bc2 d6 10. h3 h6 11. Re1 Bb6 12. Nf1 Ne7 13. d4 Ng6 14. Ng3 exd4 15. cxd4
Bd7 16. Be3 c5 17. Rc1 c4 18. Bb1 Rc8 19. a3 Ba5 20. Re2 Bc6 21. d5 Bd7 22. Qc2
Ne5 23. Nxe5 dxe5 24. Kh2 Rf8 25. f4 Bc7 26. Rf1 Ne8 27. fxe5 Bxe5 28. Bf4 Qc7
29. Ref2 c3 30. b4 g6 31. Rf3 Kh7 32. Bxe5 Qxe5 33. Rxf7+ Rxf7 34. Rxf7+ Ng7
35. Rxd7 h5 36. h4 Qf4 37. Qd3 c2 38. Bxc2 Qxh4+ 39. Kg1 Rxc2 40. Qxc2 Qxg3 41.
Qc7 Qe1+ 42. Kh2 Qh4+ 43. Kg1 Qe1+ 44. Kh2 Qh4+ 45. Kg1 Qe1+ 1/2-1/2

[Event "USCL Championship Tiebreak"]
[Site "Internet Chess Club"]
[Date "2014.12.04"]
[Round "?"]
[White "Larson, Matthew"]
[Black "Xiong, Jeffery"]
[Result "0-1"]
[WhiteElo "2251"]
[BlackElo "2542"]
[PlyCount "46"]
[EventDate "2014.??.??"]

1. d4 Nf6 2. c4 e6 3. g3 Bb4+ 4. Bd2 Qe7 5. Nf3 Bxd2+ 6. Qxd2 Nc6 7. a3 d5 8.
Bg2 O-O 9. O-O dxc4 10. Rc1 Rd8 11. e3 e5 12. Rxc4 exd4 13. Nxd4 Ne5 14. Rc1 c5
15. Nc3 Bg4 16. Re1 Qf8 17. h3 Bxh3 18. Bxh3 cxd4 19. Qe2 dxc3 20. bxc3 Rd2 21.
Qf1 Nf3+ 22. Kg2 Nxe1+ 23. Qxe1 Ne4 0-1

[Event "USCL Championship Tiebreak"]
[Site "Internet Chess Club"]
[Date "2014.12.04"]
[Round "?"]
[White "Xiong, Jeffery"]
[Black "Akobian, Varuzhan"]
[Result "0-1"]
[WhiteElo "2542"]
[BlackElo "2758"]
[PlyCount "94"]
[EventDate "2014.??.??"]

1. e4 e5 2. Nf3 Nc6 3. d4 exd4 4. Nxd4 Bc5 5. Nb3 Bb6 6. Nc3 d6 7. Qe2 Nf6 8.
Be3 O-O 9. O-O-O Re8 10. f3 Be6 11. Qf2 Qe7 12. Bb5 Bxe3+ 13. Qxe3 a6 14. Be2
Rad8 15. Kb1 Bxb3 16. axb3 d5 17. Qf4 dxe4 18. fxe4 Ne5 19. Rhf1 c6 20. g4 Ng6
21. Qf5 Rxd1+ 22. Rxd1 h6 23. Rd4 Qe5 24. Rd1 Qxh2 25. Bc4 Ne5 26. g5 hxg5 27.
Qxg5 Nxc4 28. bxc4 Qe5 29. Qh4 Nxe4 30. Rh1 Nxc3+ 31. bxc3 g6 32. Kb2 b5 33.
Qh7+ Kf8 34. Rf1 Qg7 35. Qh2 Kg8 36. c5 b4 37. Qc7 Qxc3+ 38. Kb1 Re1+ 39. Rxe1
Qxe1+ 40. Ka2 Qe6+ 41. Kb1 Kg7 42. Qf4 Qe1+ 43. Ka2 Qc3 44. Qf2 a5 45. Kb1 a4
46. Qg1 a3 47. Qc1 Qb2+ 0-1

[Event "USCL Championship Tiebreak"]
[Site "Internet Chess Club"]
[Date "2014.12.04"]
[Round "?"]
[White "Akobian, Varuzhan"]
[Black "Holt, Conrad"]
[Result "1-0"]
[WhiteElo "2758"]
[BlackElo "2664"]
[PlyCount "73"]
[EventDate "2014.??.??"]

1. d4 d5 2. c4 c6 3. cxd5 cxd5 4. Nf3 Nf6 5. Nc3 Nc6 6. Bf4 Bf5 7. e3 e6 8. Qb3
Bb4 9. Bb5 Bxc3+ 10. Qxc3 O-O 11. Bxc6 Rc8 12. Ne5 Ng4 13. Nxg4 Bxg4 14. Qb4
Rxc6 15. Qxb7 Qc8 16. Qxc8 Rfxc8 17. O-O Be2 18. Rfe1 Rc2 19. b3 f6 20. Bd6 a5
21. Bc5 a4 22. bxa4 Ra8 23. Reb1 Rxa4 24. a3 e5 25. h3 exd4 26. exd4 Bd3 27.
Rb8+ Kf7 28. Rab1 Kg6 29. R1b7 Ba6 30. Ra7 Bb5 31. Re7 Bc6 32. Rg8 Kf5 33.
Rgxg7 h5 34. g4+ hxg4 35. hxg4+ Kf4 36. Bd6+ Kf3 37. Re3# 1-0